|
|
|
|
| LEADER |
00000nab a2200000 a 4500 |
| 001 |
vtls000525145 |
| 003 |
SK-MaSNL |
| 005 |
20260303121732.0 |
| 008 |
120928c1994 xo 0 slo |
| 015 |
|
|
|a SNBRB19rr/mm-uuuuu
|
| 035 |
|
|
|a CL0525283
|
| 040 |
|
|
|a SNKBUCL
|b slo
|c SNKBUCL
|e AACR2
|
| 041 |
0 |
|
|a slo
|
| 044 |
|
|
|a xo
|c SK
|
| 080 |
|
|
|a 796.88.093.1(4)
|2 1981
|
| 100 |
1 |
|
|a Bednár, Peter
|c (kulturistika)
|4 aut
|9 1135577
|
| 245 |
1 |
0 |
|a Len tri štvrté a jedno šieste
|b Pôvodná reportáž z ME v silovom trojboji
|c Peter Bednár
|
| 300 |
|
|
|b Obr. 1, tab. 1
|
| 650 |
0 |
7 |
|a vzpieranie
|2 snkbucl
|9 3253
|
| 655 |
|
7 |
|a články z novín a časopisov
|2 snkbucl
|9 267496
|
| 773 |
0 |
|
|t Kulturistika a fit štúdio
|g Č. 8 (1994), s. 36-37
|
| 850 |
|
|
|a Slovenská národná knižnica v Martine
|a MTA001
|
| 852 |
|
|
|a SNK
|b KIS3GCP
|
| 958 |
|
|
|a RK
|
| 992 |
|
|
|a RBX
|
| 999 |
|
|
|c 1917439
|d 1919369
|